Từ điển kết cấu giới từ tiếng Anh
Uloženo v:
| Hlavní autor: | |
|---|---|
| Médium: | Neznámo |
| Jazyk: | English |
| Vydáno: |
1998
|
| Témata: | |
| Tagy: |
Přidat tag
Žádné tagy, Buďte první, kdo otaguje tento záznam!
|
| Thư viện lưu trữ: | Mạng thư viện Đại học Đà Nẵng |
|---|
| LEADER | 00975ca a2200289 4500 | ||
|---|---|---|---|
| 001 | 000032356 | ||
| 003 | 8438 | ||
| 005 | 20151022000000.0 | ||
| 008 | 151002s1998 000 eng | ||
| 041 | |a eng | ||
| 082 | |a 423 |b HƯ-T | ||
| 100 | |a Hữu Thành | ||
| 245 | |a Từ điển kết cấu giới từ tiếng Anh |c Hữu Thành | ||
| 260 | |c 1998 | ||
| 650 | |a Từ điển kết cấu giới từ tiếng Anh, Hữu Thành | ||
| 852 | |b Đọc |c TỪ ĐIỂN | ||
| OWN | |a LNN | ||
| AVA | |a UDN50 |b LNN |c English |d 423 HƯ-T |e unavailable |t Error 5002 Not defined in file expand_doc_bib_avail. |f 1 |g 1 |h N |i 0 |j AN |k 1 | ||
| 999 | |a From the UDN01 | ||
| AVA | |a UDN50 |b LNN |c English |d 423 HƯ-T |e unavailable |t Error 5002 Not defined in file expand_doc_bib_avail. |f 1 |g 1 |h N |i 0 |j AN |k 1 | ||
| 980 | |a Mạng thư viện Đại học Đà Nẵng | ||